Forest Research Institute Malaysia : a santuary for threatened trees

Bibliographic Details
Corporate Author: Forest Research Institute Malaysia
Other Authors: B. Aslina, Chua, L.S.L, M. Suhaida, Yong, W.S.Y
Format: Book
Published: Kuala Lumpur : Forest Research Institute Malaysia , 2011
Series:Research Pamplets
Subjects:

MARC

LEADER 00000cam a2200000 7i4500
001 0000003914
005 20111102.0
020 0 0 |a 9789675221569 
090 0 0 |a 634.9   |b FRIM 2011 
245 1 0 |a Forest Research Institute Malaysia :   |b a santuary for threatened trees   |c W.S.Y... [et al] 
260 0 0 |a Kuala Lumpur :   |b Forest Research Institute Malaysia ,   |c 2011 
300 |a ix.91 p. ;   |c 25cm. 
490 0 0 |a Research Pamplets   |b no.130 
650 0 0 |a Forest conservations---Malaysia 
650 0 0 |a Forest nurseries---Malaysia 
650 0 0 |a Forests and forestry---Malaysia 
700 0 1 |a B. Aslina 
700 0 1 |a Chua, L.S.L 
700 0 1 |a M. Suhaida 
700 0 1 |a Yong, W.S.Y. 
710 2 1 |a Forest Research Institute Malaysia 
998 |a JPSM 
999 |a 007692   |b Monograph   |c Open Shelf   |e Default branch